Primetime Emmy Winners for Guest Acting in a Comedy Series - Statistics

General Stats
  • This quiz has been taken 24 times
    13 since last reset
  • The average score is 16 of 52
Answer Stats
Year Show Actor % Correct
2025 The Studio Bryan Cranston
73%
2024 The Bear Jamie Lee Curtis
73%
2022 Hacks Laurie Metcalf
64%
2003 Friends Christina Applegate
55%
2021 Saturday Night Live Maya Rudolph
55%
2020 Saturday Night Live Maya Rudolph
55%
2013 The Big Bang Theory Bob Newhart
45%
2019 The Marvelous Mrs. Maisel Jane Lynch
45%
2025 Hacks Julianne Nicholson
45%
2012 Two and a Half Men Kathy Bates
45%
2018 Atlanta Katt Williams
45%
2022 Only Murders in the Building Nathan Lane
45%
2009 Saturday Night Live Tina Fey
45%
2016 Saturday Night Live Tina Fey &Amy Poehler
45%
2011 Glee Gwyneth Paltrow
36%
2024 The Bear Jon Bernthal
36%
2008 Desperate Housewives Kathryn Joosten
36%
2005 Desperate Housewives Kathryn Joosten
36%
2019 The Marvelous Mrs. Maisel Luke Kirby
36%
2010 Glee Neil Patrick Harris
36%
2014 Orange is the New Black Uzo Aduba
36%
2000 Friends Bruce Willis
27%
2021 Saturday Night Live Dave Chappelle
27%
2017 Saturday Night Live Dave Chappelle
27%
2020 Saturday Night Live Eddie Murphy
27%
2001 Frasier Jean Smart
27%
2000 Frasier Jean Smart
27%
2015 Shameless Joan Cusack
27%
2004 Monk John Turturro
27%
2023 Poker Face Judith Light
27%
2011 Saturday Night Live Justin Timberlake
27%
2009 Saturday Night Live Justin Timberlake
27%
2004 Frasier Laura Linney
27%
2016 Girls Peter Scolari
27%
2023 Ted Lasso Sam Richardson
27%
2018 Saturday Night Live Tiffany Haddish
27%
2002 Frasier Anthony LaPaglia
18%
2015 Transparent Bradley Whitford
18%
2006 Malcolm in the Middle Cloris Leachman
18%
2002 Malcolm in the Middle Cloris Leachman
18%
2001 Frasier Derek Jacobi
18%
2003 Will & Grace Gene Wilder
18%
2014 Saturday Night Live Jimmy Fallon
18%
2012 Saturday Night Live Jimmy Fallon
18%
2006 Will & Grace Leslie Jordan
18%
2013 Louie Melissa Leo
18%
2007 Monk Stanley Tucci
18%
2010 Saturday Night Live Betty White
9%
2005 Will & Grace Bobby Cannavale
9%
2007 30 Rock Elaine Stritch
9%
2017 Saturday Night Live Melissa McCarthy
9%
2008 30 Rock Tim Conway
9%
No matching quizzes found
Score Distribution
Percent of People with Each Score
Percentile by Number Answered
Your Score History
You have not taken this quiz since the last reset